Сравнение свойств биодизеля полученного из свежего и отработанного подсолнечного масла; Химия и химическая технология в XXI веке; Т. 2

Dades bibliogràfiques
Parent link:Химия и химическая технология в XXI веке: материалы XXIII Международной научно-практической конференции студентов и молодых ученых имени выдающихся химиков Л. П. Кулёва и Н. М. Кижнера, Томск, 16-19 мая 2022 г./ Национальный исследовательский Томский политехнический университет (ТПУ); Инженерная школа природных ресурсов; Инженерная школа новых производственных технологий; Исследовательская школа химических и биомедицинских технологий..— , 2022
Т. 2.— 2022.— [С. 62-63]
Autor principal: Кокорина Ю. С.
Autor corporatiu: Национальный исследовательский Томский политехнический университет Инженерная школа природных ресурсов Отделение химической инженерии
Altres autors: Наурусов А. И. (научный руководитель), Чебанова Е. С., Богданов И. А. Илья Александрович
Sumari:Заглавие с титульного экрана
Idioma:rus
Publicat: 2022
Col·lecció:Технология и моделирование процессов подготовки и переработки углеводородного сырья
Matèries:
Accés en línia:http://earchive.tpu.ru/handle/11683/72592
Format: Electrònic Capítol de llibre
KOHA link:https://koha.lib.tpu.ru/cgi-bin/koha/opac-detail.pl?biblionumber=634484

MARC

LEADER 00000naa2a2200000 4500
001 634484
005 20231101133820.0
035 |a (RuTPU)RU\TPU\conf\36302 
035 |a RU\TPU\conf\36299 
090 |a 634484 
100 |a 20220622d2022 k y0rusy50 ca 
101 0 |a rus 
102 |a RU 
105 |a y z 101zy 
135 |a drgn ---uucaa 
181 0 |a i  
182 0 |a b 
200 1 |a Сравнение свойств биодизеля полученного из свежего и отработанного подсолнечного масла  |f Ю. С. Кокорина, А. И. Наурусов, Е. С. Чебанова  |g науч. рук. И. А. Богданов 
203 |a Текст  |c электронный 
225 1 |a Технология и моделирование процессов подготовки и переработки углеводородного сырья 
230 |a 1 компьютерный файл (pdf; 1 062 Kb) 
300 |a Заглавие с титульного экрана 
320 |a [Библиогр.: с. 63 (3 назв.)] 
461 1 |0 (RuTPU)RU\TPU\conf\36040  |t Химия и химическая технология в XXI веке  |o материалы XXIII Международной научно-практической конференции студентов и молодых ученых имени выдающихся химиков Л. П. Кулёва и Н. М. Кижнера, Томск, 16-19 мая 2022 г.  |o в 2 т.  |f Национальный исследовательский Томский политехнический университет (ТПУ); Инженерная школа природных ресурсов; Инженерная школа новых производственных технологий; Исследовательская школа химических и биомедицинских технологий.  |d 2022 
463 1 |0 (RuTPU)RU\TPU\conf\36042  |t Т. 2  |v [С. 62-63]  |d 2022 
610 1 |a труды учёных ТПУ 
610 1 |a электронный ресурс 
610 1 |a свойства 
610 1 |a биодизели 
610 1 |a подсолнечное масло 
610 1 |a катализаторы 
700 1 |a Кокорина  |b Ю. С. 
701 1 |a Наурусов  |b А. И. 
701 1 |a Чебанова  |b Е. С. 
702 1 |a Богданов  |b И. А.  |c химик  |c инженер-исследователь Томского политехнического университета  |f 1994-  |g Илья Александрович  |2 stltpush  |4 727 
712 0 2 |a Национальный исследовательский Томский политехнический университет  |b Инженерная школа природных ресурсов  |b Отделение химической инженерии  |h 8085  |2 stltpush  |3 (RuTPU)RU\TPU\col\23513 
801 2 |a RU  |b 63413507  |c 20220704  |g RCR 
856 4 |u http://earchive.tpu.ru/handle/11683/72592 
942 |c BK